Top 100 2026 NFL draft prospects - Statistics

General Stats
  • This quiz has been taken 152 times
  • The average score is 45 of 100
Answer Stats
# College Position Answer % Correct
4 Indiana QB Fernando Mendoza
99%
3 Notre Dame RB Jeremiyah Love
97%
1 Ohio St S Caleb Downs
91%
11 Ohio St WR Carnell Tate
91%
2 Ohio St OLB Arvell Reese
88%
8 Ohio St OLB Sonny Styles
88%
5 Texas Tech EDGE David Bailey
87%
15 USC WR Makai Lemon
85%
7 Miami EDGE Rueben Bain Jr
83%
32 Alabama QB Ty Simpson
82%
19 Arizona St WR Jordyn Tyson
81%
18 Oregon TE Kenyon Sadiq
76%
10 LSU CB Mansoor Delane
76%
9 Utah OT Spencer Fano
73%
16 Tennessee CB Jermond McCoy
70%
21 Texas A&M WR KC Concepcion
69%
31 San Diego St CB Chris Johnson
68%
28 Washington WR Denzel Boston
68%
60 Nebraska RB Emmett Johnson
67%
6 Miami OT Francis Mauigoa
65%
22 Clemson DT Peter Woods
65%
20 Alabama OL Kadyn Proctor
64%
14 Florida DT Caleb Banks
62%
43 Texas Tech ILB Jacob Rodriguez
59%
17 Penn St OG Olaivavega Ioane
59%
12 Auburn DL Keldrick Faulk
58%
13 Georgia OT Monroe Freeling
58%
96 Miami QB Carson Beck
57%
26 Clemson CB Avieon Terrell
55%
42 Notre Dame RB Jadarian Price
55%
39 Utah OT Caleb Lomu
54%
25 Oregon S Dillon Thieneman
54%
54 Indiana WR Omar Cooper Jr
54%
24 Texas ILB Anthony Hill Jr
53%
36 Toledo S Emmanuel McNeil-Warren
53%
23 Tennessee CB Colton Hood
52%
29 Georgia ILB CJ Allen
51%
46 Indiana CB D'Angelo Ponds
51%
55 Vanderbilt TE Eli Stowers
51%
74 LSU QB Garrett Nussmeier
49%
77 Clemson WR Antonio Williams
48%
27 Texas A&M EDGE Cassius Howell
48%
67 Tennessee WR Chris Brazzell II
48%
48 Arkansas RB Mike Washington
48%
97 Duke EDGE Wesley Williams
48%
49 Georgia WR Zachariah Branch
48%
38 Miami EDGE Akheem Mesidor
47%
41 Clemson OT Blake Miller
47%
68 Duke OL/C Brian Parker
47%
40 Clemson EDGE TJ Parker
47%
47 Georgia DT Christen Miller
46%
35 South Carolina CB Brandon Cisse
44%
61 Notre Dame WR Malachi Fields
44%
33 Ohio St NG Kayden McDonald`
43%
34 Arizona St OT Max Iheanachor
43%
37 Missouri EDGE Zion Young
43%
57 Auburn C Connor Lew
40%
81 Iowa C Logan Jones
40%
59 Oklahoma EDGE R Mason Thomas
39%
65 Oregon OG Emmanuel Pregnon
38%
30 Illinois EDGE Gabe Jacas
37%
88 Alabama WR Germie Bernard
37%
44 Texas A&M OG Chase Bisontis
36%
62 LSU S AJ Haulcy
34%
50 Penn St EDGE Dani Dennis-Sutton
34%
70 Ohio St CB Davison Igbinosun
34%
51 UCF EDGE Malachi Lawrence
33%
45 Pittsburgh OLB Kyle Louis
32%
56 Michigan EDGE Derrick Moore
31%
71 Iowa OL Gennings Dunker
29%
84 Cincinnati ILB Jake Golday
28%
63 Miami DB Keionte Scott
28%
53 Arizona St CB Keith Abney II
28%
52 Missouri ILB Josiah Trotter
27%
93 Washington CB Tacario Davis
27%
91 Texas CB Malik Muhammad
26%
73 TCU S Bud Clark
24%
69 South Carolina S Jalon Kilgore
24%
99 Texas Tech EDGE Romello Height
24%
76 Georgia Tech OG Keylan Rutledge
23%
78 Baylor TE Michael Trigg
23%
87 Iowa St DT Domonique Orange
21%
98 Stanford TE Sam Roush
21%
79 Tennessee EDGE Joshua Josephs
18%
86 Penn St S Zakee Wheatley
18%
85 Oklahoma WR Deion Burks
17%
58 Texas NG Lee Hunter
16%
83 Kansas St C Sam Hecht
16%
64 Auburn EDGE Keyron Crawford
14%
75 Ole Miss DT Zxavian Harris
12%
89 Clemson RB Adam Randall
11%
72 Texas A&M C Trey Zuhn III
11%
66 Texas A&M DT Tyler Onyedim
11%
82 Michigan EDGE Jaishawn Barham
10%
90 Wisconsin EDGE Mason Reiger
10%
94 Kansas St S VJ Payne
10%
92 Boise St OG Kage Casey
9%
95 Boston College OL Jude Bowry
8%
100 Michigan ILB Jimmy Rolder
7%
80 Baylor WR Josh Cameron
7%
No matching quizzes found
Score Distribution
Percent of People with Each Score
Percentile by Number Answered
Your Score History
You have not taken this quiz